• 首页
  • 本馆介绍
  • 公告通知
  • 最新文献
  • 馆藏检索
  • 电子资源
  • 读者导购
  • 参考咨询
  • 我的图书馆
  • 登录
  • 详细信息显示
  • 放入我的书架
  • 预约/预借图书
  • 作者相关作品
  • 分类相关作品
  • 丛书相关作品
  • 出版社相关作品

书目信息

  • 表格格式
  • 工作单格式
  • 卡片格式
题名:
共产国际与中国革命
    
 
作者: 郭恒钰 著 ;李逵六 译
分册:  
出版信息: 北京   三联书店  1985.06
页数: 384页
开本: 20cm
丛书名:
单 册:
中图分类: D618 , D613
科图分类:
主题词: 特殊--中国 , 革命--问题
电子资源:
ISBN:
000 01090nam0 2200289 45
001 0187000841
005 20061024100043.15
010    @dCNY2.10
091    @a11002.643
100    @a19931104d1985 kemy0chiy0121 ea
101 1  @achi@crus
102    @aCN@b510000
105    @ay z 000yd
200 10 @a共产国际与中国革命@Agong chan guo ji yu zhong guo ge ming@e一九二四——一九二七年中国共产党和国民党统一战线@EYi Jiu Er Si——Yi Jiu Er Qi Nian Zhong Guo Gong Chan Dang He Guo Min Dang Tong Yi Zhan Xian@f(联邦德国)郭恒钰著@F(Lian Bang De Guo)Guo Heng Yu Zhu@g李逵六译
210    @a北京@c三联书店@d1985.06
215    @a384页@d20cm
517    @a一九二四——一九二七年中国共产党和国民党统一战线@AYi Jiu Er Si——Yi Jiu Er Qi Nian Zhong Guo Gong Chan Dang He Guo Min Dang Tong Yi Zhan Xian
601 02 @a共产国际@x研究@x文集
606 0  @a特殊@x中国
606 0  @a革命@x问题
690    @aD618@v3
690    @aD613@v4
701  0 @a郭恒钰@4著
702  0 @a李逵六@ALi Kui Liu@4译
801  2 @aCN@bNLC@c20061024
801  0 @aCN@b深圳图书馆@c20040422
905    @dD613@e18@f1@b167232
    
    共产国际与中国革命:一九二四——一九二七年中国共产党和国民党统一战线/(联邦德国)郭恒钰著/李逵六译.-北京:三联书店,1985.06
    384页;20cm
    
    
    ISBN :CNY2.10
    
●
相关链接 在E读中查询图书 在五车中查询图书 在当当中查询图书 在豆瓣中查询图书


正题名:共产国际与中国革命     索取号:D613/18         预约/预借

序号 登录号 条形码 馆藏地/架位号 状态 备注
1 0167230   202204854   密集书库/ [索取号:D613/18] 在馆    
2 0167231   000486664   密集书库/ [索取号:D613/18] 在馆    
3 0167232   000486655   第一样本阅览室/ [索取号:D613/18] 在馆    
唐山师范学院图书馆 欢迎您!
大连网信软件有限公司© 版权所有